Clic Qui chantait ? 1 chanson -> 1 interprète (14) - Statistiques

Statistiques générales
  • Ce quiz a été pris 104 fois
  • Le résultat moyen est 13 sur 25
Statistiques - réponses
Hint Réponse % Correct
Non, je ne regrette rien Édith Piaf
95%
Partenaire Particulier Partenaire Particulier
90%
Sapés comme jamais Gims
86%
Isabelle a les yeux bleus Les Inconnus
82%
La kiffance Naps
81%
Ramenez la coupe à la maison Vegedream
78%
Macumba Jean-Pierre Mader
74%
Dans mon HLM Renaud
74%
Le chat Pow Wow
63%
Désolé Sexion d'Assaut
60%
Viens boire un p'tit coup à la maison Licence IV
58%
Une femme avec une femme Mecano
58%
Tu veux ou tu veux pas Marcel Zanini
45%
Toutes les femmes sont belles Frank Michael
42%
J'ai la mémoire qui flanche Jeanne Moreau
42%
Un portugais Linda de Suza
40%
Victime de la mode MC Solaar
38%
Tout va très bien, Madame la Marquise Ray Ventura
35%
Juste une p'tite chanson Les Enfoirés
32%
La complainte de la butte Cora Vaucaire
31%
Moi je suis tango Guy Marchand
31%
Tostaky Noir Désir
31%
L'amour en héritage Nana Mouskouri
28%
Somerset Maugham Alain Souchon
26%
Fais-moi mal, Johnny ! Magali Noël
26%
Aucun quiz correspondant
Distribution des résultats
% des personnes avec chaque résultat
Percentile par nombre de réponses
Votre historique - résultats
Vous n’avez pas pris ce quiz